| 000 | 00488nam a22001817a 4500 | ||
|---|---|---|---|
| 003 | OSt | ||
| 005 | 20140310183130.0 | ||
| 008 | 130531t xxu||||| |||| 00| 0 eng d | ||
| 050 |
_aQH 308 _b.F723 2011 |
||
| 082 |
_aFIL 574 _bF723 2011 |
||
| 245 |
_aFundamentals of Biology / _cFormacion, Minda J |
||
| 260 |
_aManila, Philippines : _bRex Book Store, _c2011. |
||
| 521 | _acollege students | ||
| 526 | _c1210L-1700L | ||
| 541 | _j1 | ||
| 562 | _e1 | ||
| 942 |
_2lcc _cBK _kFIL |
||
| 999 |
_c19129 _d19129 |
||